La división del trabajo social

Emile Durkheim considera que el objeto fundamental de la sociología debe consistir en el estudio de los hechos sociales. La idea de que los hechos sociales deben ser tratados como "cosas" es vital para distinguir la filosofía de la sociología. Como objetos, los hechos sociales deben ser estudiados d...

Full description

Bibliographic Details
Main Author: Durkheim, Emile 1858-1917
Format: Libro
Language:English
Published: México Akal 1993
Santiago, Chile: Universidad ARCIS, 1999.
Edition:3a.ed.
Series:Akal universitaria sociología 39
Subjects:
Online Access:

MARC

LEADER 00000cam a2200000 a 4500
001 009556
003 UAHC_CL
005 20210120082055.0
008 010822b xx j 000 1 eng
952 |0 0  |1 0  |4 0  |6 331_870000000000000_DUR  |7 0  |8 General  |9 19959  |a BC  |b BC  |c General  |d 2017-08-03  |l 1  |o 331.87 DUR  |p 1309202  |r 2026-01-13 00:00:00  |s 2023-08-18  |t 1  |w 2017-08-03  |y BK  |z También lo encuentras en bibliografías.academia.cl 
952 |0 0  |1 0  |4 0  |6 331_870000000000000_DUR  |7 0  |8 General  |9 19960  |a BR  |b BR  |c General  |d 2017-08-03  |l 7  |m 1  |o 331.87 DUR  |p 1309208  |r 2026-01-14 00:00:00  |s 2023-08-21  |t 2  |w 2017-08-03  |x Rayado con lapiz mina y lapiz pasta rojo, portada arrugada. FGM. 06/09/2019.  |y BK  |z También lo encuentras en bibliografías.academia.cl 
952 |0 0  |1 0  |2 ddc  |4 0  |6 331_870000000000000_DUR  |7 0  |8 COMP  |9 19961  |a BC  |b BC  |c General  |d 2017-08-03  |l 7  |m 4  |o 331.87 DUR  |p 1309200  |q 2026-04-10  |r 2026-04-02 12:24:07  |s 2026-04-02  |t 3  |w 2017-08-03  |x Rayado con lápiz mina. RLC 04/09/2018  |y BK  |z También lo encuentras en bibliografías.academia.cl 
952 |0 0  |1 0  |4 0  |6 331_870000000000000_DUR  |7 0  |8 General  |9 19962  |a BC  |b BC  |c General  |d 2017-08-03  |l 2  |m 1  |o 331.87 DUR  |p 1309198  |r 2026-01-13 00:00:00  |s 2019-08-31  |t 4  |w 2017-08-03  |y BK  |z También lo encuentras en bibliografías.academia.cl 
952 |0 0  |1 0  |4 0  |6 331_870000000000000_DUR  |7 0  |8 General  |9 19963  |a BC  |b BC  |c General  |d 2017-08-03  |l 2  |m 1  |o 331.87 DUR  |p 1309206  |r 2026-01-13 00:00:00  |s 2019-08-26  |t 5  |w 2017-08-03  |x Rayado con lapiz mina. FGM. 26/08/19.  |y BK  |z También lo encuentras en bibliografías.academia.cl 
952 |0 0  |1 0  |4 0  |6 331_870000000000000_DUR  |7 0  |8 General  |9 19964  |a BC  |b BC  |c General  |d 2017-08-03  |l 6  |m 7  |o 331.87 DUR  |p 1309207  |r 2026-01-13 00:00:00  |s 2022-03-22  |t 6  |w 2017-08-03  |x Rayado con lápiz mina. RLC.  |y BK  |z También lo encuentras en bibliografías.academia.cl 
952 |0 0  |1 0  |4 0  |6 331_870000000000000_DUR  |7 0  |8 General  |9 19965  |a BC  |b BC  |c General  |d 2017-08-03  |o 331.87 DUR  |p 1309201  |r 2026-01-13 00:00:00  |t 7  |w 2017-08-03  |y BK  |z También lo encuentras en bibliografías.academia.cl 
952 |0 0  |1 0  |4 0  |6 331_870000000000000_DUR  |7 0  |8 General  |9 19966  |a BC  |b BC  |c General  |d 2017-08-03  |l 4  |m 3  |o 331.87 DUR  |p 1309199  |r 2026-01-13 00:00:00  |s 2018-11-24  |t 8  |w 2017-08-03  |x Rayado con lápiz mina RLC 29.08.2018  |y BK  |z También lo encuentras en bibliografías.academia.cl 
952 |0 0  |1 0  |4 0  |6 331_870000000000000_DUR  |7 0  |8 General  |9 19967  |a BC  |b BC  |c General  |d 2017-08-03  |l 4  |m 3  |o 331.87 DUR  |p 1309204  |r 2026-01-13 00:00:00  |s 2019-09-12  |t 9  |w 2017-08-03  |x Rayado con lápiz mina. RLC.  |y BK  |z También lo encuentras en bibliografías.academia.cl 
952 |0 0  |1 0  |4 0  |6 331_870000000000000_DUR  |7 0  |8 General  |9 19968  |a BC  |b BC  |c General  |d 2017-08-03  |l 5  |m 5  |o 331.87 DUR  |p 1309203  |r 2026-01-13 00:00:00  |s 2022-03-16  |t 10  |w 2017-08-03  |x Rayado con lápiz mina CBB 30.08.2018  |y BK  |z También lo encuentras en bibliografías.academia.cl 
952 |0 0  |1 0  |4 0  |6 331_870000000000000_DUR  |7 0  |8 General  |9 19969  |a BC  |b BC  |c General  |d 2017-08-03  |l 2  |o 331.87 DUR  |p 1317230  |r 2026-01-13 00:00:00  |s 2023-08-18  |t 11  |w 2017-08-03  |y BK  |z También lo encuentras en bibliografías.academia.cl 
999 |c 9556  |d 9556 
020 |a 8476002297 
040 |a UAHC_CL  |c UAHC_CL  |d UAHC_CL 
082 0 4 |a 331.87 D935d 
100 1 |a Durkheim, Emile  |d 1858-1917 
245 1 3 |a La división del trabajo social   |c Emile Durkheim. 
250 |a 3a.ed. 
260 |a México  |c 1993  |b Akal 
260 |a Santiago, Chile:  |b Universidad ARCIS,  |c 1999. 
300 |a 440 p. 
490 0 |a Akal universitaria sociología  |v 39 
500 |a En: Investigación y Crítica, nº1. p. 363-384. 1999. 
520 |a Emile Durkheim considera que el objeto fundamental de la sociología debe consistir en el estudio de los hechos sociales. La idea de que los hechos sociales deben ser tratados como "cosas" es vital para distinguir la filosofía de la sociología. Como objetos, los hechos sociales deben ser estudiados de un modo empírico, no filosófico. Así mismo, para distinguir la sociología de la psicología, Durkheim afirma que los hechos sociales son externos y coercitivos para el actor; el objeto de la psicología sería estudiar los hechos psicológicos, mientras que el de la sociología sería el estudio de los hechos sociales. Se distinguen en su obra dos grandes grupos de hechos sociales: hechos sociales materiales e inmateriales. 
650 0 |a Sociología  |9 53 
650 0 |a División del trabajo  |9 13345 
653 |a SOCIOLOGIA 
900 |a 331.87 DUR 
942 |c BK